000 02604nam0a2200337 4500
001 RU\NLR\BIBL_A\011912636
005 20190129142959.0
010 _a978-5-7731-0591-6
_9350
021 _aRU
_bКН-П-18-095765
_9КН-П-18-6943
035 _a(NLR Aleph) 011912636
035 _a(RuMoRGB)009838224
090 _a10945586
_c10945586
100 _a20190118d2018 u y0rusy50 ca
101 0 _arus
102 _aRU
105 _aa|||j|||000zy
200 1 _aМатематические методы принятия решений в электроэнергетике
_eучебное пособие
_e[для студентов 1 курса направления подготовки 13.04.02 "электроэнергетика и электротехника" (магистерской программы подготовки "Управление распределенными объектами регионального электроснабжения"]
_fВ.А. Медведев
_gМинистерство образования и науки Российской Федерации, ФГБОУ ВО "Воронежский государственный технический университет"
210 _aВоронеж
_cФГБОУ ВО "Воронежский государственный технический университет"
_d2018
215 _a81 с.
_cил., табл.
_d21
313 _aМоделирование в среде MATLAB
320 _aБиблиогр.: с. 79 (10 назв.)
606 1 _aMATLAB, пакет прикладных программ
_jУчебные издания для высших учебных заведений
_xПрименение в электротехнике
_92483023
_3RU\NLR\AUTH\661473841
606 1 _aЭлектроэнергетические системы
_jУчебные издания для высших учебных заведений
_xКомпьютерное моделирование
_92583127
_3RU\NLR\AUTH\661526929
606 1 _aЭлектроэнергетические системы
_jУчебные издания для высших учебных заведений
_xУправление
_xПринятие решений
_92395260
_3RU\NLR\AUTH\6601648270
686 1 _aЗ27-05с116я73-1
700 1 _7ca
_8rus
_aМедведев
_bВ. А.
_cканд. техн. наук
_gВладимир Алексеевич
_973455
_3RU\NLR\AUTH\7790528
942 _cBOOK
980 _aNBR
980 _aNB